|
|
|
|
| LEADER |
01802nam a2200457 a 4500 |
| 001 |
EBC489327 |
| 003 |
MiAaPQ |
| 005 |
20200520144314.0 |
| 006 |
m o d | |
| 007 |
cr cn||||||||| |
| 008 |
090604s2009 ne ab sb 001 0 eng |
| 010 |
|
|
|z 2009022052
|
| 016 |
7 |
|
|z 20644156
|2 bccb
|
| 020 |
|
|
|z 9789004177352 (pbk.)
|
| 020 |
|
|
|z 9004177353 (pbk.)
|
| 035 |
|
|
|a (MiAaPQ)EBC489327
|
| 035 |
|
|
|a (Au-PeEL)EBL489327
|
| 035 |
|
|
|a (CaPaEBR)ebr10372651
|
| 035 |
|
|
|a (CaONFJC)MIL260302
|
| 035 |
|
|
|a (OCoLC)607552768
|
| 040 |
|
|
|a MiAaPQ
|c MiAaPQ
|d MiAaPQ
|
| 043 |
|
|
|a f------
|
| 050 |
|
4 |
|a HE5702.A6
|b S64 2009
|
| 082 |
0 |
4 |
|a 388.3/40960904
|2 22
|
| 084 |
|
|
|a 15.80
|2 bcl
|
| 245 |
0 |
4 |
|a The speed of change
|h [electronic resource] :
|b motor vehicles and people in Africa, 1890-2000 /
|c edited by Jan-Bart Gewald, Sabine Luning, Klaas van Walraven.
|
| 260 |
|
|
|a Leiden ;
|a Boston :
|b Brill,
|c 2009.
|
| 300 |
|
|
|a xii, 298 p. :
|b ill. (some col.), maps.
|
| 490 |
1 |
|
|a Afrika-Studiecentrum series,
|x 1570-9310 ;
|v v. 13
|
| 504 |
|
|
|a Includes bibliographical references and index.
|
| 533 |
|
|
|a Electronic reproduction. Ann Arbor, MI : ProQuest, 2015. Available via World Wide Web. Access may be limited to ProQuest affiliated libraries.
|
| 650 |
|
0 |
|a Transportation, Automotive
|x Social aspects
|z Africa
|x History
|y 20th century.
|
| 650 |
|
0 |
|a Motor vehicles
|x Social aspects
|z Africa
|x History
|y 20th century.
|
| 651 |
|
0 |
|a Africa
|x Social conditions
|y 20th century.
|
| 655 |
|
4 |
|a Electronic books.
|
| 700 |
1 |
|
|a Gewald, Jan-Bart.
|
| 700 |
1 |
|
|a Luning, Sabine.
|
| 700 |
1 |
|
|a Walraven, Klaas van,
|d 1958-
|
| 710 |
2 |
|
|a ProQuest (Firm)
|
| 830 |
|
0 |
|a Afrika-Studiecentrum series ;
|v v. 13.
|
| 856 |
4 |
0 |
|u https://ebookcentral.proquest.com/lib/matrademy/detail.action?docID=489327
|z Click to View
|